000 00388nam a22001457a 4500
008 240402b |||||||| |||| 00| 0 eng d
020 _a0198247729
050 _aJC571.R39 1986
100 _aRaz , Joseph
_952608
245 _aThe morality of freedom.
_cJoseph Raz.
300 _aix;
_b435p,
_c22cm.
650 _xliberty.
_97967
650 _xAuthority.
_911286
942 _2lcc
_cMONOGRAPH
999 _c131854
_d131854